000 00613nam a2200217Ia 4500
003 OSt
005 20220928150040.0
006 a|||||r|||| 00| 0
007 ta
008 220927b |||||||| |||| 00| 0 eng d
024 _a86845
037 _cTextual
040 _aSDCL
_cSDCL
_beng
041 _2eng
_aeng
082 _aD6,8(B289SAPR/3), N8
100 _aBlain Jonathan
_9452384
245 0 _aAdministering SAP R/3
_b The FI-financial accounting and CO-controlling modules.
260 _c1998
942 _hD6,8(B289SAPR/3), N8
_cTEXL
_2CC
999 _c838881
_d838881